[Event "XVI. DBMM Schach"]
[Site "Dresden"]
[Date "2016.11.06"]
[Round "7.3"]
[White "Gebert Vangeel, Ralf"]
[Black "Fitzke, Ulrich"]
[Result "0-1"]
[WhiteElo "2042"]
[BlackElo "1898"]
[Annotator "rgv"]
[PlyCount "112"]
[EventDate "2016.11.??"]
[SourceTitle "XVI. DBMM 2016"]
[Source "FV Schach e.V."]
[SourceDate "2017.06.14"]
[SourceVersion "1"]
[SourceVersionDate "2017.06.14"]
[SourceQuality "1"]
[WhiteTeam "SV Osram Berlin"]
[BlackTeam "Deutsche Bahn/BSW Berlin II"]
[WhiteTeamCountry "GER"]
[BlackTeamCountry "GER"]

1. e4 c5 2. Nf3 d6 3. c3 g6 4. d4 cxd4 5. cxd4 Bg7 6. Nc3 Nf6 7. Bb5+ Bd7 8.
Bxd7+ Nfxd7 9. O-O O-O 10. Be3 Nc6 11. Rc1 a6 12. Qd2 Rc8 13. Ng5 Nb6 14. b3 d5
15. e5 e6 16. h3 Qd7 17. f4 h6 18. Nf3 h5 19. Ne1 Ne7 20. Nd3 Nf5 21. Bf2 Qe7
22. Nc5 Rc6 23. N3a4 Nxa4 24. Nxa4 Rfc8 25. Rxc6 Rxc6 26. Nc5 Qc7 27. b4 Bf8
28. a4 Qc8 29. Rb1 b6 30. b5 axb5 31. axb5 Rc7 32. Na4 Rc2 33. Qd1 Qc7 34. g4
hxg4 35. hxg4 Nh6 36. Be3 Rc4 37. Rc1 Bb4 38. Rxc4 Qxc4 39. f5 Bf8 40. fxe6
fxe6 41. Nxb6 Qxb5 42. Qc2 Qe8 43. g5 Nf5 44. Qc1 Qb5 45. Nc8 Qd3 46. Bf2 Nxd4
47. Qe3 Qd1+ 48. Kg2 Qg4+ 49. Kf1 Nf5 50. Qd2 Bb4 51. Qe2 Qxg5 52. Nd6 Ng3+ 53.
Bxg3 Qxg3 54. Qb5 Qf4+ 55. Kg1 Bxd6 56. exd6 Qxd6 0-1

[Event "XVI. DBMM Schach"]
[Site "Dresden"]
[Date "2016.11.06"]
[Round "7.4"]
[White "Strauss, Peter"]
[Black "Eisermann, Daniel"]
[Result "1/2-1/2"]
[WhiteElo "1803"]
[BlackElo "1966"]
[Annotator "de"]
[PlyCount "56"]
[EventDate "2016.11.??"]
[SourceTitle "XVI. DBMM 2016"]
[Source "FV Schach e.V."]
[SourceDate "2017.06.14"]
[SourceVersion "1"]
[SourceVersionDate "2017.06.14"]
[SourceQuality "1"]
[WhiteTeam "Deutsche Bahn/BSW Berlin II"]
[BlackTeam "SV Osram Berlin"]
[WhiteTeamCountry "GER"]
[BlackTeamCountry "GER"]

1. d4 d5 2. c4 c6 3. cxd5 cxd5 4. Nf3 Nf6 5. Nc3 Nc6 6. Bf4 a6 7. h3 e6 8. e3
Be7 9. Bd3 O-O 10. Rc1 Bd7 11. O-O b5 12. Ne5 Rc8 13. Nxc6 Bxc6 14. Qe2 Qb6 15.
Be5 b4 16. Nb1 Bb7 17. Nd2 h6 18. f3 Nd7 19. Bg3 Bd6 20. Bf2 Bb8 21. e4 f5 22.
e5 Rxc1 23. Rxc1 Rc8 24. Rxc8+ Bxc8 25. f4 Qc6 26. Nb3 Ba7 27. Qc2 Qxc2 28.
Bxc2 Bb6 1/2-1/2

[Event "XVI. DBMM Schach"]
[Site "Dresden"]
[Date "2016.11.06"]
[Round "7.1"]
[White "Meyer, Jens Uwe"]
[Black "Feikes, Joerg"]
[Result "1/2-1/2"]
[WhiteElo "2063"]
[BlackElo "1968"]
[Annotator "jf"]
[PlyCount "28"]
[EventDate "2016.11.??"]
[SourceTitle "XVI. DBMM 2016"]
[Source "FV Schach e.V."]
[SourceDate "2017.06.14"]
[SourceVersion "1"]
[SourceVersionDate "2017.06.14"]
[SourceQuality "1"]
[WhiteTeam "SG Stern Ludwigsfelde"]
[BlackTeam "BA Tempelhof Berlin"]
[WhiteTeamCountry "GER"]
[BlackTeamCountry "GER"]

1. d4 d5 2. Bf4 Nf6 3. e3 c5 4. Nd2 Nc6 5. c3 e6 6. Bd3 Be7 7. Ngf3 Nh5 8. Ne5
Nxf4 9. exf4 Bf6 10. Ndf3 cxd4 11. cxd4 Qa5+ 12. Qd2 Qxd2+ 13. Kxd2 Nxe5 14.
fxe5 Bd8 1/2-1/2

[Event "XVI. DBMM Schach"]
[Site "Dresden"]
[Date "2016.11.06"]
[Round "7.2"]
[White "Kettenburg, Stefan"]
[Black "Astfalk, Lutz"]
[Result "1/2-1/2"]
[WhiteElo "2063"]
[BlackElo "1945"]
[Annotator "br"]
[PlyCount "26"]
[EventDate "2016.11.??"]
[SourceTitle "XVI. DBMM 2016"]
[Source "FV Schach e.V."]
[SourceDate "2017.06.14"]
[SourceVersion "1"]
[SourceVersionDate "2017.06.14"]
[SourceQuality "1"]
[WhiteTeam "BA Tempelhof Berlin"]
[BlackTeam "SG Stern Ludwigsfelde"]
[WhiteTeamCountry "GER"]
[BlackTeamCountry "GER"]

1. d4 Nf6 2. c4 d6 3. Nc3 c6 4. Nf3 Bg4 5. e3 Nbd7 6. Be2 e6 7. O-O d5 8. Ne5
Bxe2 9. Qxe2 Bd6 10. f4 O-O 11. e4 dxe4 12. Nxe4 Nxe4 13. Qxe4 Nf6 1/2-1/2

[Event "XVI. DBMM Schach"]
[Site "Dresden"]
[Date "2016.11.06"]
[Round "7.3"]
[White "Tangermann, Erhard"]
[Black "Neumann, Christian"]
[Result "1/2-1/2"]
[WhiteElo "1654"]
[BlackElo "1945"]
[Annotator "br"]
[PlyCount "40"]
[EventDate "2016.11.??"]
[SourceTitle "XVI. DBMM 2016"]
[Source "FV Schach e.V."]
[SourceDate "2017.06.14"]
[SourceVersion "1"]
[SourceVersionDate "2017.06.14"]
[SourceQuality "1"]
[WhiteTeam "SG Stern Ludwigsfelde"]
[BlackTeam "BA Tempelhof Berlin"]
[WhiteTeamCountry "GER"]
[BlackTeamCountry "GER"]

1. d4 d5 2. Nf3 c5 3. e3 cxd4 4. exd4 Nf6 5. Bd3 Nc6 6. c3 Bg4 7. Nbd2 e5 8.
dxe5 Nxe5 9. Bb5+ Nfd7 10. h3 Nxf3+ 11. Nxf3 Be6 12. Ne5 a6 13. Bxd7+ Bxd7 14.
Nxd7 Qxd7 15. O-O Be7 16. Be3 O-O 17. Bd4 Rac8 18. Qd3 Rc6 19. Rad1 Rfc8 20.
Be5 Rg6 1/2-1/2

[Event "XVI. DBMM Schach"]
[Site "Dresden"]
[Date "2016.11.06"]
[Round "7.4"]
[White "Baranowsky, Peter"]
[Black "Grandt, Bernd"]
[Result "1/2-1/2"]
[WhiteElo "2009"]
[BlackElo "2033"]
[Annotator "pb"]
[PlyCount "23"]
[EventDate "2016.11.??"]
[SourceTitle "XVI. DBMM 2016"]
[Source "FV Schach e.V."]
[SourceDate "2017.06.14"]
[SourceVersion "1"]
[SourceVersionDate "2017.06.14"]
[SourceQuality "1"]
[WhiteTeam "BA Tempelhof Berlin"]
[BlackTeam "SG Stern Ludwigsfelde"]
[WhiteTeamCountry "GER"]
[BlackTeamCountry "GER"]

1. d4 Nf6 2. Nf3 g6 3. c4 Bg7 4. Nc3 O-O 5. e4 d6 6. h3 e5 7. Be3 Nc6 8. Qd2
Bd7 9. Rd1 exd4 10. Nxd4 Nxd4 11. Bxd4 Re8 12. f3 1/2-1/2

[Event "XVI. DBMM Schach"]
[Site "Dresden"]
[Date "2016.11.06"]
[Round "7.1"]
[White "Hohlfeld, Wolfgang"]
[Black "Hartmann, Jens"]
[Result "1-0"]
[WhiteElo "2102"]
[BlackElo "1804"]
[Annotator "br"]
[PlyCount "89"]
[EventDate "2016.11.??"]
[SourceTitle "XVI. DBMM 2016"]
[Source "FV Schach e.V."]
[SourceDate "2017.06.14"]
[SourceVersion "1"]
[SourceVersionDate "2017.06.14"]
[SourceQuality "1"]
[WhiteTeam "Baubehoerde Hamburg"]
[BlackTeam "Baubehörde Hamburg II"]
[WhiteTeamCountry "GER"]
[BlackTeamCountry "GER"]

1. e4 e5 2. Nc3 Bc5 3. Bc4 Nf6 4. d3 O-O 5. Be3 Bb6 6. Bxb6 axb6 7. Nge2 d6 8.
O-O Be6 9. Bxe6 fxe6 $11 10. f4 exf4 11. Nxf4 Qe7 12. d4 Nbd7 13. Qe2 c6 14.
Qc4 d5 15. Qd3 Rae8 16. Rae1 Qd8 17. exd5 exd5 18. Ne6 Qb8 19. Nxf8 Rxf8 20.
Qh3 Qd8 21. Qe6+ Kh8 22. Qd6 Re8 23. h3 h6 24. Qg3 b5 25. Qg6 Rg8 26. a3 Nf8
27. Qf5 N8h7 28. Ne2 Ne4 29. Qf4 Nhf6 30. Nc3 Qb6 31. Nxe4 dxe4 32. c3 Qd8 33.
Qf5 Re8 $11 34. Re3 Re7 35. Qg6 Qg8 36. Rxf6 gxf6 37. Qxh6+ Rh7 38. Qxf6+ Qg7
39. Qxg7+ Rxg7 40. Rxe4 Rf7 41. d5 c5 42. d6 Rd7 43. Re7 Rxd6 44. Rxb7 Rd1+ 45.
Kh2 1-0

[Event "XVI. DBMM Schach"]
[Site "Dresden"]
[Date "2016.11.06"]
[Round "7.2"]
[White "Hoffeins, Hans Werner"]
[Black "Hein, Ralf"]
[Result "0-1"]
[WhiteElo "1441"]
[BlackElo "2047"]
[Annotator "br"]
[PlyCount "108"]
[EventDate "2016.11.??"]
[SourceTitle "XVI. DBMM 2016"]
[Source "FV Schach e.V."]
[SourceDate "2017.06.14"]
[SourceVersion "1"]
[SourceVersionDate "2017.06.14"]
[SourceQuality "1"]
[WhiteTeam "Baubehörde Hamburg II"]
[BlackTeam "Baubehoerde Hamburg"]
[WhiteTeamCountry "GER"]
[BlackTeamCountry "GER"]

1. Nf3 d5 2. g3 e6 3. Bg2 h5 4. h4 Nf6 5. d3 c5 6. Nbd2 Nc6 7. e4 dxe4 8. dxe4
e5 9. O-O Bg4 10. Nc4 Qc7 11. Qe1 Bxf3 12. Bxf3 Nd4 13. Bd1 O-O-O 14. c3 Ne6
15. Bf3 Be7 16. Qe2 Rdg8 17. Bg5 Nxg5 18. hxg5 Nh7 19. Bxh5 Nxg5 20. Bg4+ Kb8
21. Kg2 f6 22. Rh1 $11 Rxh1 23. Rxh1 Qc6 24. f3 Qa6 25. b3 Rd8 26. Kf2 Ne6 27.
Ne3 Nc7 28. Qxa6 Nxa6 29. Ke2 Nc7 30. Nf5 Bf8 31. Rh8 $11 Nb5 32. c4 Nc3+ 33.
Ke3 Nxa2 34. Nxg7 Be7 35. Rxd8+ Bxd8 36. Bd7 Kc7 37. Ba4 Be7 38. Kd2 Kb6 39.
Nf5 Bf8 40. f4 Ka5 41. fxe5 fxe5 42. g4 Kb4 43. g5 Nc3 44. Kd3 a6 45. Bd7 Kxb3
46. g6 a5 47. Ne7 a4 48. Nd5 Na2 49. Bxa4+ Kxa4 50. Ne7 Kb3 51. Nf5 Nb4+ 52.
Kd2 Kxc4 53. g7 Bxg7 54. Nxg7 Nc6 0-1

[Event "XVI. DBMM Schach"]
[Site "Dresden"]
[Date "2016.11.06"]
[Round "7.3"]
[White "Kaliski, Achim"]
[Black "Lindemann, Thomas"]
[Result "0-1"]
[WhiteElo "1976"]
[BlackElo "1536"]
[Annotator "br"]
[PlyCount "38"]
[EventDate "2016.11.??"]
[SourceTitle "XVI. DBMM 2016"]
[Source "FV Schach e.V."]
[SourceDate "2017.06.14"]
[SourceVersion "1"]
[SourceVersionDate "2017.06.14"]
[SourceQuality "1"]
[WhiteTeam "Baubehoerde Hamburg"]
[BlackTeam "Baubehörde Hamburg II"]
[WhiteTeamCountry "GER"]
[BlackTeamCountry "GER"]

1. e4 c5 2. Nc3 Nc6 3. g3 b6 4. Bg2 Bb7 5. f4 Nd4 6. Nf3 g6 7. O-O Bg7 8. d3 a6
9. e5 Bxf3 10. Bxf3 Ra7 11. Re1 e6 12. Ne4 Nh6 13. Nd6+ Kf8 14. g4 Qh4 15. g5
Nxf3+ 16. Kf1 Qh3+ 17. Ke2 Qg2+ 18. Ke3 Ng4+ 19. Ke4 Nd2# 0-1

[Event "XVI. DBMM Schach"]
[Site "Dresden"]
[Date "2016.11.06"]
[Round "7.1"]
[White "Mielke, Sven"]
[Black "Brendemuehl, Bernd"]
[Result "1/2-1/2"]
[WhiteElo "2115"]
[BlackElo "1849"]
[Annotator "br"]
[PlyCount "27"]
[EventDate "2016.11.??"]
[SourceTitle "XVI. DBMM 2016"]
[Source "FV Schach e.V."]
[SourceDate "2017.06.14"]
[SourceVersion "1"]
[SourceVersionDate "2017.06.14"]
[SourceQuality "1"]
[WhiteTeam "SV Osram Berlin II"]
[BlackTeam "Europaeisches Patentamt Muenchen II"]
[WhiteTeamCountry "GER"]
[BlackTeamCountry "GER"]

1. b4 e5 2. Bb2 Bxb4 3. Bxe5 Nf6 4. c4 O-O 5. Nf3 Re8 6. e3 Nc6 7. Bb2 d5 8.
cxd5 Nxd5 9. Be2 Bg4 10. O-O Qd7 11. a3 Bd6 12. Nd4 Bxe2 13. Nxe2 Qg4 14. Ng3
1/2-1/2

[Event "XVI. DBMM Schach"]
[Site "Dresden"]
[Date "2016.11.06"]
[Round "7.2"]
[White "Bumes, Konrad"]
[Black "Mueller, Gerd"]
[Result "0-1"]
[WhiteElo "2050"]
[BlackElo "1837"]
[Annotator "br"]
[PlyCount "32"]
[EventDate "2016.11.??"]
[SourceTitle "XVI. DBMM 2016"]
[Source "FV Schach e.V."]
[SourceDate "2017.06.14"]
[SourceVersion "1"]
[SourceVersionDate "2017.06.14"]
[SourceQuality "1"]
[WhiteTeam "Europaeisches Patentamt Muenchen II"]
[BlackTeam "SV Osram Berlin II"]
[WhiteTeamCountry "GER"]
[BlackTeamCountry "GER"]

1. d4 Nf6 2. Nf3 g6 3. c4 Bg7 4. Nc3 d5 5. cxd5 Nxd5 6. Bd2 Bf5 7. Rc1 O-O 8.
e3 Nc6 9. a3 e5 10. dxe5 Nxe5 11. Nxe5 Bxe5 12. Qf3 Be6 13. Be2 Nf6 14. h3 Qd7
15. Rd1 Bb3 16. Rc1 Rfd8 0-1

[Event "XVI. DBMM Schach"]
[Site "Dresden"]
[Date "2016.11.06"]
[Round "7.3"]
[White "Hildebrand, Gerald"]
[Black "Santos, Paulo"]
[Result "1-0"]
[WhiteElo "2180"]
[BlackElo "1831"]
[Annotator "br"]
[PlyCount "109"]
[EventDate "2016.11.??"]
[SourceTitle "XVI. DBMM 2016"]
[Source "FV Schach e.V."]
[SourceDate "2017.06.14"]
[SourceVersion "1"]
[SourceVersionDate "2017.06.14"]
[SourceQuality "1"]
[WhiteTeam "SV Osram Berlin II"]
[BlackTeam "Europaeisches Patentamt Muenchen II"]
[WhiteTeamCountry "GER"]
[BlackTeamCountry "GER"]

1. d4 Nf6 2. c4 g6 3. Nc3 d5 4. cxd5 Nxd5 5. e4 Nxc3 6. bxc3 Bg7 7. Bc4 O-O 8.
Ne2 c5 9. Be3 Nc6 10. O-O Qc7 11. Rc1 Na5 12. Bb3 c4 13. Bc2 b6 14. Qd2 Nc6 15.
Bf4 e5 16. Bg3 Qe7 17. d5 Rd8 18. Ba4 Na5 19. f3 Bd7 20. Bxd7 Qxd7 21. Rfd1 Nb7
22. Bf2 Rac8 23. Rb1 Nc5 24. Bxc5 Rxc5 25. Rb2 f5 26. Ng3 f4 27. Nf1 Rc7 28.
Rdb1 g5 29. Qe2 Bf8 30. Kh1 h5 31. Nd2 Ba3 32. Rb5 Rdc8 33. Qd1 Rc5 34. Rxc5
Rxc5 35. Qf1 b5 36. g3 fxg3 37. hxg3 Rc7 38. Kg2 Be7 39. Qe2 Bf6 40. Rh1 h4 41.
Nf1 Qe8 42. Ne3 Rh7 43. Nf5 hxg3 44. Rxh7 Kxh7 45. Qe3 Qd7 46. Qc5 Kg8 47. d6
Kf8 48. Kxg3 Ke8 49. Qd5 Kf8 50. Nh6 Kg7 51. Ng4 Qf7 52. Qxb5 Qh5 53. Qd7+ Kh8
54. Nxf6 Qh1 55. Qh7+ 1-0

[Event "XVI. DBMM Schach"]
[Site "Dresden"]
[Date "2016.11.06"]
[Round "7.4"]
[White "Achermann, Didier"]
[Black "Riess, Bernhard"]
[Result "0-1"]
[WhiteElo "1843"]
[BlackElo "1567"]
[Annotator "br"]
[PlyCount "80"]
[EventDate "2016.11.??"]
[SourceTitle "XVI. DBMM 2016"]
[Source "FV Schach e.V."]
[SourceDate "2017.06.14"]
[SourceVersion "1"]
[SourceVersionDate "2017.06.14"]
[SourceQuality "1"]
[WhiteTeam "Europaeisches Patentamt Muenchen II"]
[BlackTeam "SV Osram Berlin II"]
[WhiteTeamCountry "GER"]
[BlackTeamCountry "GER"]

1. e4 c6 2. d4 d5 3. Nc3 dxe4 4. Nxe4 Nd7 5. Bc4 e6 6. Ne2 Ngf6 7. Ng5 Nb6 8.
Bb3 Be7 9. O-O O-O 10. Nf3 Bd7 11. c4 Rc8 12. Bf4 Nh5 13. Be5 Nf6 14. h3 h6 15.
Rc1 a5 16. Qd3 Be8 17. a4 c5 18. Rfd1 cxd4 19. Nexd4 Nxa4 20. Qc2 Nc5 21. Nxe6
Qb6 22. Nxc5 Bxc5 23. Ba2 Nd7 24. Bb1 g6 25. Bd4 Bxd4 26. Rxd4 Nc5 27. Rcd1 Ba4
28. Qd2 Bxd1 29. Qxh6 Qf6 30. Rxd1 Qxb2 31. Bxg6 fxg6 32. Rd6 Rc6 33. Qxg6+ Qg7
34. Qxg7+ Kxg7 35. Rxc6 bxc6 36. Ne5 Rf6 37. Ng4 Re6 38. Ne3 Rxe3 39. fxe3 a4
40. Kf2 a3 0-1

[Event "XVI. DBMM Schach"]
[Site "Dresden"]
[Date "2016.11.06"]
[Round "7.1"]
[White "Ungerer, Markus"]
[Black "Molinaroli, Martin"]
[Result "1-0"]
[WhiteElo "2125"]
[BlackElo "2274"]
[Annotator "br"]
[PlyCount "41"]
[EventDate "2016.11.??"]
[SourceTitle "XVI. DBMM 2016"]
[Source "FV Schach e.V."]
[SourceDate "2017.06.14"]
[SourceVersion "1"]
[SourceVersionDate "2017.06.14"]
[SourceQuality "1"]
[WhiteTeam "W&W Wuestenrot & Wuerttemb. Stuttgart"]
[BlackTeam "Westf. Provinzial-Versicherung Muenster"]
[WhiteTeamCountry "GER"]
[BlackTeamCountry "GER"]

1. e4 c6 2. d4 d5 3. Nd2 dxe4 4. Nxe4 Nf6 5. Ng3 e5 6. Be3 Ng4 7. Nf3 Nxe3 8.
fxe3 exd4 9. exd4 Be6 10. Bd3 g6 11. Ne4 Be7 12. O-O Nd7 13. Qd2 O-O 14. Qh6 f6
15. Rae1 Bf7 16. Ng3 Re8 17. Ng5 Nf8 18. Nxf7 Qd5 19. Ne5 fxe5 20. Nh5 gxh5 21.
Rxf8+ 1-0

[Event "XVI. DBMM Schach"]
[Site "Dresden"]
[Date "2016.11.06"]
[Round "7.2"]
[White "Gerighausen, Karl-Heinz"]
[Black "Peck, Malcolm"]
[Result "0-1"]
[WhiteElo "1879"]
[BlackElo "1797"]
[Annotator "br"]
[PlyCount "40"]
[EventDate "2016.11.??"]
[SourceTitle "XVI. DBMM 2016"]
[Source "FV Schach e.V."]
[SourceDate "2017.06.14"]
[SourceVersion "1"]
[SourceVersionDate "2017.06.14"]
[SourceQuality "1"]
[WhiteTeam "Westf. Provinzial-Versicherung Muenster"]
[BlackTeam "W&W Wuestenrot & Wuerttemb. Stuttgart"]
[WhiteTeamCountry "GER"]
[BlackTeamCountry "GER"]

1. d4 d5 2. Nf3 e6 3. e3 Nf6 4. Bd3 Bd6 5. O-O Nbd7 6. b3 e5 7. dxe5 Nxe5 8.
Bb2 Bg4 9. Be2 Qe7 10. Nbd2 h5 11. c4 Bxf3 12. Bxf3 Nfg4 13. h3 Nd3 14. Bc3
Bh2+ 15. Kh1 Ndxf2+ 16. Rxf2 Nxf2+ 17. Kxh2 Nxd1 18. Rxd1 Qxe3 19. Bxg7 Rg8 20.
Bh6 Qxh6 0-1

[Event "XVI. DBMM Schach"]
[Site "Dresden"]
[Date "2016.11.06"]
[Round "7.3"]
[White "Topol, Martin"]
[Black "Kuestermann, Dieter"]
[Result "0-1"]
[WhiteElo "1362"]
[BlackElo "1960"]
[Annotator "br"]
[PlyCount "30"]
[EventDate "2016.11.??"]
[SourceTitle "XVI. DBMM 2016"]
[Source "FV Schach e.V."]
[SourceDate "2017.06.14"]
[SourceVersion "1"]
[SourceVersionDate "2017.06.14"]
[SourceQuality "1"]
[WhiteTeam "W&W Wuestenrot & Wuerttemb. Stuttgart"]
[BlackTeam "Westf. Provinzial-Versicherung Muenster"]
[WhiteTeamCountry "GER"]
[BlackTeamCountry "GER"]

1. e4 e5 2. f4 exf4 3. Nf3 Be7 4. Bc4 Bh4+ 5. Ke2 Nc6 6. d4 d6 7. Bxf4 Qf6 8.
g3 Bg4 9. c3 g5 10. e5 dxe5 11. Kf2 gxf4 12. gxh4 O-O-O 13. Qc2 Bxf3 14. Kxf3
exd4 15. Nd2 Ne5+ 0-1

[Event "XVI. DBMM Schach"]
[Site "Dresden"]
[Date "2016.11.06"]
[Round "7.4"]
[White "Keller, Hansjuergen"]
[Black "Uhlarz, Joerg"]
[Result "1-0"]
[WhiteElo "1709"]
[BlackElo "1743"]
[Annotator "br"]
[PlyCount "72"]
[EventDate "2016.11.??"]
[SourceTitle "XVI. DBMM 2016"]
[Source "FV Schach e.V."]
[SourceDate "2017.06.14"]
[SourceVersion "1"]
[SourceVersionDate "2017.06.14"]
[SourceQuality "1"]
[WhiteTeam "Westf. Provinzial-Versicherung Muenster"]
[BlackTeam "W&W Wuestenrot & Wuerttemb. Stuttgart"]
[WhiteTeamCountry "GER"]
[BlackTeamCountry "GER"]

1. d4 f5 2. Nf3 Nf6 3. g3 d5 4. Bg2 e6 5. O-O Be7 6. b3 c6 7. Ba3 O-O 8. Bxe7
Qxe7 9. c4 Ne4 10. e3 Nd7 11. Qc2 b5 12. Nbd2 a5 13. Rfc1 a4 14. cxb5 cxb5 15.
Qc6 Ba6 16. Qc2 Rfc8 17. Qd1 Nc3 18. Qe1 b4 19. Bf1 e5 20. Bxa6 Rxa6 21. dxe5
Nxe5 22. Nxe5 Qxe5 23. Nf3 Qe8 24. Nd4 Qd7 25. a3 axb3 26. Nxb3 f4 27. axb4
Rxa1 28. Rxa1 f3 29. Nd4 Qf7 30. Rc1 g5 31. Rxc3 Rf8 32. b5 Qd7 33. b6 Qb7 34.
Qb1 Rf6 35. Rc7 Qb8 36. b7 Rf8 1-0

[Event "XVI. DBMM Schach"]
[Site "Dresden"]
[Date "2016.11.06"]
[Round "7.1"]
[White "Choinowski, Gustav"]
[Black "Bangert, Udo"]
[Result "1-0"]
[WhiteElo "2088"]
[BlackElo "1905"]
[Annotator "br"]
[PlyCount "39"]
[EventDate "2016.11.??"]
[SourceTitle "XVI. DBMM 2016"]
[Source "FV Schach e.V."]
[SourceDate "2017.06.14"]
[SourceVersion "1"]
[SourceVersionDate "2017.06.14"]
[SourceQuality "1"]
[WhiteTeam "RAPID Unilever Hamburg"]
[BlackTeam "SG Stern Stuttgart"]
[WhiteTeamCountry "GER"]
[BlackTeamCountry "GER"]

1. d4 Nf6 2. c4 e6 3. Nf3 b6 4. Nc3 Bb4 5. Qb3 Qe7 6. a3 Bxc3+ 7. Qxc3 Ne4 8.
Qc2 Bb7 9. e3 O-O 10. Be2 d6 11. O-O Nd7 12. b4 a5 13. Bb2 f5 14. Ne1 axb4 15.
axb4 Rxa1 16. Bxa1 Ra8 17. Bb2 Qg5 18. Bc1 Nd2 19. Bxd2 Qxg2+ 20. Nxg2 1-0

[Event "XVI. DBMM Schach"]
[Site "Dresden"]
[Date "2016.11.06"]
[Round "7.2"]
[White "Wepfer, Bernd"]
[Black "Kolipost, Mirko"]
[Result "1/2-1/2"]
[WhiteElo "1887"]
[BlackElo "1694"]
[Annotator "br"]
[PlyCount "28"]
[EventDate "2016.11.??"]
[SourceTitle "XVI. DBMM 2016"]
[Source "FV Schach e.V."]
[SourceDate "2017.06.14"]
[SourceVersion "1"]
[SourceVersionDate "2017.06.14"]
[SourceQuality "1"]
[WhiteTeam "SG Stern Stuttgart"]
[BlackTeam "RAPID Unilever Hamburg"]
[WhiteTeamCountry "GER"]
[BlackTeamCountry "GER"]

1. c4 e5 2. g3 Nf6 3. Bg2 Nc6 4. Nc3 d6 5. d3 Be7 6. Nf3 O-O 7. O-O h6 8. Rb1
Rb8 9. b4 a6 10. a4 Nd4 11. e3 Nxf3+ 12. Bxf3 Bh3 13. Re1 Qd7 14. d4 Bg4
1/2-1/2

[Event "XVI. DBMM Schach"]
[Site "Dresden"]
[Date "2016.11.06"]
[Round "7.4"]
[White "Salomon, Hendrik"]
[Black "Kazemi Sresht, Rashid"]
[Result "0-1"]
[WhiteElo "1200"]
[BlackElo "1743"]
[Annotator "br"]
[PlyCount "66"]
[EventDate "2016.11.??"]
[SourceTitle "XVI. DBMM 2016"]
[Source "FV Schach e.V."]
[SourceDate "2017.06.14"]
[SourceVersion "1"]
[SourceVersionDate "2017.06.14"]
[SourceQuality "1"]
[WhiteTeam "SG Stern Stuttgart"]
[BlackTeam "RAPID Unilever Hamburg"]
[WhiteTeamCountry "GER"]
[BlackTeamCountry "GER"]

1. e4 c5 2. Nf3 d6 3. c3 Nf6 4. Bb5+ Bd7 5. Bxd7+ Qxd7 6. d3 Nc6 7. Be3 e6 8.
Nbd2 Be7 9. Nc4 b5 10. Na3 a6 11. b4 cxb4 12. cxb4 d5 13. Bc5 dxe4 14. dxe4
Qxd1+ 15. Rxd1 Nxe4 16. Bxe7 Kxe7 17. O-O Rhd8 18. Nc2 Nc3 19. Rxd8 Rxd8 20. a3
h6 21. Ne3 g6 22. g3 Rd3 23. Kg2 Ne2 24. Re1 Ncd4 25. Nd5+ exd5 26. Nxd4 Rxd4
27. Rxe2+ Kd6 28. Re3 Rc4 29. Kf3 d4 30. Rd3 f5 31. h3 Kd5 32. Ke2 Rc3 33. f3
Kc4 0-1

[Event "XVI. DBMM Schach"]
[Site "Dresden"]
[Date "2016.11.06"]
[Round "7.1"]
[White "Lau, Peter"]
[Black "Lutterbey, Ralf"]
[Result "1/2-1/2"]
[WhiteElo "1801"]
[BlackElo "1903"]
[Annotator "br"]
[PlyCount "20"]
[EventDate "2016.11.??"]
[SourceTitle "XVI. DBMM 2016"]
[Source "FV Schach e.V."]
[SourceDate "2017.06.14"]
[SourceVersion "1"]
[SourceVersionDate "2017.06.14"]
[SourceQuality "1"]
[WhiteTeam "Sparkassen-Versicherung Stuttgart II"]
[BlackTeam "Commerzbank Frankfurt II"]
[WhiteTeamCountry "GER"]
[BlackTeamCountry "GER"]

1. e4 d5 2. exd5 Qxd5 3. Nc3 Qa5 4. d4 e5 5. dxe5 Bb4 6. Bd2 Nc6 7. Nf3 Bg4 8.
Be2 O-O-O 9. Qc1 Nxe5 10. a3 Bd6 1/2-1/2

[Event "XVI. DBMM Schach"]
[Site "Dresden"]
[Date "2016.11.06"]
[Round "7.2"]
[White "Brauer, Frank"]
[Black "Wirth, Volker"]
[Result "1/2-1/2"]
[WhiteElo "1836"]
[BlackElo "1717"]
[Annotator "fb"]
[PlyCount "29"]
[EventDate "2016.11.??"]
[SourceTitle "XVI. DBMM 2016"]
[Source "FV Schach e.V."]
[SourceDate "2017.06.14"]
[SourceVersion "1"]
[SourceVersionDate "2017.06.14"]
[SourceQuality "1"]
[WhiteTeam "Commerzbank Frankfurt II"]
[BlackTeam "Sparkassen-Versicherung Stuttgart II"]
[WhiteTeamCountry "GER"]
[BlackTeamCountry "GER"]

1. e4 c5 2. c3 d5 3. exd5 Qxd5 4. d4 e6 5. Nf3 a6 6. Be3 Nc6 7. Be2 c4 8. b3 b5
9. bxc4 bxc4 10. Qa4 Bd7 11. Qxc4 Qa5 12. O-O Nf6 13. Nbd2 Ba3 14. Nb3 Qc7 15.
Qd3 1/2-1/2

[Event "XVI. DBMM Schach"]
[Site "Dresden"]
[Date "2016.11.06"]
[Round "7.3"]
[White "Brethauer, Tim"]
[Black "Huebner, Detlef"]
[Result "1/2-1/2"]
[WhiteElo "1641"]
[BlackElo "1558"]
[Annotator "fb"]
[PlyCount "28"]
[EventDate "2016.11.??"]
[SourceTitle "XVI. DBMM 2016"]
[Source "FV Schach e.V."]
[SourceDate "2017.06.14"]
[SourceVersion "1"]
[SourceVersionDate "2017.06.14"]
[SourceQuality "1"]
[WhiteTeam "Sparkassen-Versicherung Stuttgart II"]
[BlackTeam "Commerzbank Frankfurt II"]
[WhiteTeamCountry "GER"]
[BlackTeamCountry "GER"]

1. e4 c6 2. d4 d5 3. exd5 cxd5 4. Nf3 Nf6 5. Bb5+ Nc6 6. O-O a6 7. Be2 Bf5 8.
c3 e6 9. Bg5 Be7 10. Nbd2 h6 11. Be3 Bd6 12. Re1 Qc7 13. Nf1 O-O 14. Ng3 Bg6
1/2-1/2